000 00403nam a2200145 a 4500
005 20140412111426.0
008 090627s19uu xx 00 eng d
020 _a1-864401-394-x
050 _aTR(GS 621.8
_bM55 2003
100 _aMerrell, Jo Ann
245 _aSimple Science :
_bHands - on Minds - on science.
260 _aAustralia :
_bHawker brownlow,
_c2003.
300 _a84p.
999 _c106238
_d106238